000 00294 a2200157 4500
001 174057
020 _a
040 _cMagnum
100 _aAlvarado, Maite
240 1 0 _aO leiturao
_lpor
245 1 0 _aO leiturao
362 0 _a1899
440 1 _aÁtica
697 _aENSINO
942 _cBK
999 _c174057
_d174057